| 000 | 00573nam a2200181 i 4500 | ||
|---|---|---|---|
| 001 | 140814 | ||
| 003 | ES-MaACL | ||
| 005 | 20240516063053.0 | ||
| 007 | t| | ||
| 008 | 070917s1972 sp ||||1| spa d | ||
| 100 | 0 |
_aWells, H. G., _d1866-1946 _9116458 |
|
| 245 | 1 | 4 |
_aLos primeros hombres en la luna _b: novela / _cH. G. Wells ; [traducción de Jaime Elías]. |
| 260 |
_a[Barcelona : _bPlaza Janés, _c1972] |
||
| 300 |
_a186 p. ; _c19 cm. |
||
| 700 | 1 |
_aElías Cornet, Jaime. _946973 |
|
| 852 |
_aES-MaACL _jC-54415 _bR.83897 |
||
| 999 |
_c140814 _d140814 |
||